|
|
|
|
| LEADER |
00000nam0a2200000 4500 |
| 001 |
73480 |
| 005 |
20231101212717.0 |
| 035 |
|
|
|a (RuTPU)RU\TPU\book\78408
|
| 090 |
|
|
|a 73480
|
| 100 |
|
|
|a 20050216d1977 m y0rusy50 ca
|
| 101 |
0 |
|
|a rus
|
| 102 |
|
|
|a RU
|
| 105 |
|
|
|a a j 001zy
|
| 200 |
1 |
|
|a Единицы физических величин и их размерности
|e учебное пособие для вузов
|f Л. А. Сена
|
| 205 |
|
|
|a Изд. 2-е, перераб. и доп.
|
| 210 |
|
|
|a Москва
|c Наука
|d 1977
|
| 215 |
|
|
|a 336 с.
|c ил.
|
| 320 |
|
|
|a Библиогр.: с. 326-327.
|
| 320 |
|
|
|a Предметный указатель: с. 328-335.
|
| 606 |
1 |
|
|a Физические величины
|x Измерение
|2 stltpush
|3 (RuTPU)RU\TPU\subj\58924
|9 76607
|
| 610 |
1 |
|
|a физика
|
| 610 |
1 |
|
|a единицы
|
| 610 |
1 |
|
|a размерность
|
| 610 |
1 |
|
|a единицы излучения
|
| 610 |
1 |
|
|a логарифмические единицы
|
| 610 |
1 |
|
|a учебные пособия
|
| 610 |
1 |
|
|a библиотека А. Г. Стромберга
|
| 675 |
|
|
|a 531.7(075.8)
|v 3
|
| 700 |
|
1 |
|a Сена
|b Л. А.
|c российский физик, доктор физико-математических наук, профессор
|c Лейб Иегуда бен Аарон Зелик Сена
|f 1907-1996
|g Лев Аронович
|2 stltpush
|3 (RuTPU)RU\TPU\pers\7866
|9 1531
|
| 801 |
|
1 |
|a RU
|b 63413507
|c 20050216
|g PSBO
|
| 801 |
|
2 |
|a RU
|b 63413507
|c 20171011
|g PSBO
|
| 942 |
|
|
|c BK
|